Statistics for Tibet Trivia

Click here to take the quiz!

General Stats

  • This quiz has been taken 410 times
    (369 since last reset)
  • The average score is 13 of 22

Answer Stats

HintAnswer% Correct
Tallest mountain in the worldMount Everest
99%
Mountain range the above is part ofHimalayas
97%
Countries between Tibet and India that have been heavily under Tibetan influenceNepal
94%
Spiritual leader of Tibet who fled the region in 1959Dalai Lama
90%
Countries between Tibet and India that have been heavily under Tibetan influenceBhutan
89%
Main religion of the Tibetan peopleTibetan {Buddhism}
88%
Capital of TibetLhasa
84%
Region in which Tibet is situatedTibetan {Plateau}
70%
Hairy cattle-like animal whose meat is eatenYak
69%
Tibet is one of the two regions of China whose people are heavily persecuted.
What is the other region?
Xinjiang Uyghur
68%
Tibet declared its independence one year after the fall of this Chinese dynastyQing
66%
"N" word for migratory people - which about 40% of the Tibetans areNomad
59%
About 47% of the world’s population depends on Tibet for the flow of thisFresh Water
53%
The economy of Tibet is dominated by this sectorSubsistence Agriculture
53%
Book written by Heinrich Harrer{Seven} {Years} in Tibet
44%
Most popular breed of dog native to TibetTibetan {Mastiff}
40%
Mystical Tibetan paradise first mentioned in James Hilton's novel "Lost Horizon"Shangri-La
38%
Grey-haired American actor who has often campaigned for the independence of TibetRichard Gere
31%
Fortress that was the former residence of the above{Potala} Palace
30%
Fictional animal that appears on the Tibetan flag and is one of Tibet's symbolsSnow {Lion}
28%
Type of tea that is very salty - also known as the Tibetan teaButter Tea
19%
Name by which the Chinese communist government refers to the
"Annexation of Tibet by the PRC"
{Peaceful}
Liberation of Tibet
14%

Score Distribution

Percentile by Number Answered

Percent of People with Each Score

Your Score History

You have not taken this quiz since the last reset